| 000 | 00000nam##2200000za#4500 |
| 001 | 9.588059 |
| 003 | CaOODSP |
| 005 | 20210624194934 |
| 007 | cr ||||||||||| |
| 008 | 150406|2000||||xxc|||||o f|0| 0 eng|d |
| 040 | |aCaOODSP|beng |
| 041 | |aeng |
| 041 | |afre |
| 043 | |an-cn--- |
| 086 | 1 |aH12-30/112-PDF |
| 110 | 1 |aCanada.|bHealth Canada. |bTherapeutic Products Programme. |
| 245 | 10|aInfections from endoscopes inadequately reprocessed by automatic endoscope reprocessing units |h[electronic resource] |
| 260 | |aOttawa - Ontario : |bHealth Canada. |
| 300 | |a7p.|breferences |
| 490 | 1 |aAlert - medical devices |vM.D.A. No. 112 (June 30, 2000) |
| 590 | |a12-08-Supp|b2012-03-16 |
| 776 | 0#|tInfection attribuables à une décontamination inadéquate réalisée à l'aide d'unités de retraitement automatique des endoscopes (URAE) |w(CaOODSP)9.534729 |
| 792 | |tInfection attribuables à une décontamination inadéquate réalisée à l'aide d'unités de retraitement automatique des endoscopes (URAE) |efre|w(CaOODSP)9.588060 |
| 830 | #0|aAlert - medical devices ;|vM.D.A. No. 112 (June 30, 2000)|w(CaOODSP)9.500603 |
| 856 | 40|ahttp://publications.gc.ca|qPDF|s47 KB|uhttps://publications.gc.ca/collections/Collection/H12-30-112.pdf|yM.D.A. No. 112 (June 30, 2000) |